000 00340 a2200133 4500
999 _c321344
_d321344
001 86271
003 NUST
005 20180122103632.0
008 180122b xxu||||| |||| 00| 0 eng d
020 _a9789694025575
082 _a303.495491 COH
100 _aStephen P Cohen
_99463
245 _aThe future of Pakistan
_cStephen P Cohen
260 _aLahore
_bVanguard Books
_c2012
300 _axv, 311 p.
942 _acaenust
_k303.495491 COH
_cBK
_2ddc